Introduction to probability and statistics: from a bayesian viewpoint
Պահպանված է:
| Հիմնական հեղինակ: | |
|---|---|
| Ձևաչափ: | Գիրք |
| Լեզու: | անգլերեն |
| Հրապարակվել է: |
Cambridge
Cambridge University Press
1965
|
| Խորագրեր: | |
| Ցուցիչներ: |
Ավելացրեք ցուցիչ
Չկան պիտակներ, Եղեք առաջինը, ով նշում է այս գրառումը!
|
MARC
| LEADER | 00000nam a2200000 a 4500 | ||
|---|---|---|---|
| 001 | UCW1269 | ||
| 003 | CL-VaPUC | ||
| 008 | 911223e19650000US |||||||||||||||||eng|d | ||
| 082 | 0 | 4 | |a 519.2 |b LIN |2 21 |
| 100 | |a Lindley, Dennis Victor |e autor |9 305189 | ||
| 245 | 1 | 0 | |a Introduction to probability and statistics: from a bayesian viewpoint |
| 300 | |a 292 p | ||
| 942 | |c BK | ||
| 945 | |d 19911223 00:00:00 |a mfernand | ||
| 260 | |a Cambridge |b Cambridge University Press |c 1965 | ||
| 500 | |a v.2: Inference | ||
| 650 | 0 | |a Estadística matemática |9 260028 | |
| 650 | 0 | |a Probabilidades |9 260199 | |
| 583 | |a last modification |c 20120529 12:31:17 |k Rodrigo Vera | ||
| 999 | |c 216186 |d 216184 | ||
| 952 | |0 0 |1 0 |4 0 |6 519_200000000000000_LIN_1965 |7 0 |8 A |9 201687 |a BIBGIM |b BIBGIM |d 2019-11-14 |h v.2 |i 2689332 |o 519.2 LIN 1965 |p 2689332 |r 2025-01-15 |w 2019-11-14 |y BK |k EST | ||